| 000 | 01034nam a2200229Ia 4500 | ||
|---|---|---|---|
| 001 | 206 | ||
| 005 | 20251203123018.0 | ||
| 008 | 251203t1944||||xx |||||||||||||| ||spa|| | ||
| 041 | _aESP | ||
| 082 |
_aRE 780 _bM32 |
||
| 100 |
_aMayer-Serra, Otto, _cAUT |
||
| 245 | 0 |
_aEnciclopedia de la música : _btraducción y adaptación, con un capítulo original sobre la música hispanoamericana, escrito especialmente para esta edición. Tomo 1-3 |
|
| 250 | _aSegunda edición | ||
| 260 |
_aMéxico, D. F. : _bEditorial Atlante, _c1944 |
||
| 300 |
_a375 páginas : _b láminas, ilustraciones ; _c 23 cm. _e |
||
| 440 |
_a _n _v |
||
| 505 | _aContiene: Tomo 1: Teoria de la música; Historia de la música.- Tomo 2: Panorama de la música hispanoamericana; La música instrumental; El conjunto musical; El canto.- Tomo 3: La música y el teatro; procedimientos musicales mecanico-electricos; Música y sociedad (Sociología de la música). | ||
| 650 | _aABD | ||
| 653 | _aMúsica - Enciclopedia | ||
| 654 | _aCTP | ||
| 942 |
_cENC _dJUS _fMAT _2ddc _n |
||
| 999 |
_c206 _d206 |
||